Statistiques concernant Mages de Faire Tail

Cliquez ici pour prendre le quiz!

Statistiques générales

  • Ce quiz a été pris 96 fois
  • Le résultat moyen est 16 sur 39

Statistiques - réponses

HintRéponse% Correct
Glace,chasseur de démon de glaceGrey
100%
ConstellationnisteLucy
100%
Chasseur de dragon de feuNatsu
100%
ArmureErza
93%
Soin,chasseur de dragon célesteWendy
91%
EauJubia
85%
Chasseur de dragon foudroyantLuxus
74%
CartesKanna
70%
Chasseur de dragon d'acierGajil
58%
LettresReby
58%
AreaHappy
46%
AreaCarla
43%
SpeedJet
39%
TransformationElfman
38%
Féerique,PétrificationEvergreen
38%
Gigantisme,élementsMakarof
38%
Area,CombatPanther Lily
38%
DésassemblageGildarts
36%
Arme à feuBisca
35%
PlantesDroy
32%
FlammesRoméo
32%
Arme à feuArzak
30%
TransformationLisana
30%
FlammesMacao
30%
EnchantementsFried
28%
SableMax
28%
PoupéesBixrow
27%
Transformation,assimilationMirajane
27%
TélepathieWarren
27%
FuméeWakaba
24%
Enfant des deux précedentsAsuka
19%
Magie infinie,illusionsMavis
15%
Protecteur d'Erza dans la Tour du ParadisRob
15%
SommeilMistgun
14%
DessinReaders
14%
SoinsPolyussica
11%
ModelageLucky
4%
DanseVisitor
4%
PossessionNab
3%

Distribution des résultats

Percentile par nombre de réponses

% des personnes avec chaque résultat

Votre développement - résultats

Vous n’avez pas pris ce quiz